000 00532nam a2200181Ia 4500
008 090123s9999 xx 000 0 und d
082 _b40293
_a891.463/ठाकुर
100 _aठाकुर वासंती
245 _aउफल्या
250 _a1
260 _bजाणीव प्रकाशन
_c2005
300 _a118
600 _aठाकुर वासंती
630 _aउफल्या
700 _aठाकुर वासंती
730 _aउफल्या
942 _cBOOK
999 _c78367
_d78367